Southville International School and Colleges
Your cart is empty.
  • Cart
  • Lists
    Public lists Eva Luna New books Lux_list list_1
    Your lists Log in to create your own lists
  • Log in to your account
  • Your cookies
  • Search history
Southville International School and Colleges
  • Advanced search
  • Recent comments
  • Most popular
  • Libraries

Log in to your account

Log in with GOOGLE


If you do not have an external account, but do have a local account, you can still log in:

  1. Home
  2. MARC view: Man, values, and work ethics /
Normal view MARC view ISBD view

Man, values, and work ethics / (Record no. 284581)

[ view plain ]
MARC details
000 -LEADER
fixed length control field 00625nam a22001937a 4500
003 - CONTROL NUMBER IDENTIFIER
control field PILC
005 - DATE AND TIME OF LATEST TRANSACTION
control field 20150603094225.0
008 - FIXED-LENGTH DATA ELEMENTS--GENERAL INFORMATION
fixed length control field 150603b xxu||||| |||| 00| 0 eng d
020 ## - INTERNATIONAL STANDARD BOOK NUMBER
International Standard Book Number 9714205832
050 ## - LIBRARY OF CONGRESS CALL NUMBER
Classification number LC 268
Item number .R173 2004
100 ## - MAIN ENTRY--PERSONAL NAME
Personal name Ramirez, Luzviminda F.
245 ## - TITLE STATEMENT
Title Man, values, and work ethics /
Statement of responsibility, etc Luzviminda F. Ramirez, Eden Tongson-Beltran.
260 ## - PUBLICATION, DISTRIBUTION, ETC. (IMPRINT)
Place of publication, distribution, etc Bulacan :
Name of publisher, distributor, etc Trinitas Publishing, Inc.,
Date of publication, distribution, etc 2004.
300 ## - PHYSICAL DESCRIPTION
Extent 149 pages :
Other physical details illustrations ;
Dimensions 26 cm.
500 ## - GENERAL NOTE
General note Includes glossary, bibliographical references and indexes.
650 ## - SUBJECT ADDED ENTRY--TOPICAL TERM
Topical term or geographic name as entry element Values education.
650 ## - SUBJECT ADDED ENTRY--TOPICAL TERM
Topical term or geographic name as entry element Moral.
942 ## - ADDED ENTRY ELEMENTS (KOHA)
Source of classification or shelving scheme Library of Congress Classification
Koha item type Books
Call number prefix Local
Holdings
Withdrawn status Lost status Source of classification or shelving scheme Damaged status Home library Current library Shelving location Date acquired Source of acquisition Sub Shelving location Total Checkouts Full call number Barcode Date last seen Price effective from Koha item type
    Library of Congress Classification   College Library College Library Filipiniana Section 06/03/2015 Library Fund     LC 268 .R173 2004 C19511 05/08/2018 06/03/2015 Books

Man, values, and work ethics /

APA

Ramirez L. F., . (2004). Man, values, and work ethics. Bulacan: Trinitas Publishing, Inc.

Chicago

Ramirez Luzviminda F, . 2004. Man, values, and work ethics. Bulacan: Trinitas Publishing, Inc.

Harvard

Ramirez L. F., . (2004). Man, values, and work ethics. Bulacan: Trinitas Publishing, Inc.

MLA

Ramirez Luzviminda F, . Man, values, and work ethics. Bulacan: Trinitas Publishing, Inc. 2004.

  • Place hold
  • Print
  • Cite
  • Add to your cart (remove)
  • Save record
    BIBTEX Dublin Core MARCXML MARC (non-Unicode/MARC-8) MARC (Unicode/UTF-8) MARC (Unicode/UTF-8, Standard) MODS (XML) RIS
  • More searches
    Search for this title in:
    Other Libraries (WorldCat) Other Databases (Google Scholar) Online Stores (Bookfinder.com) Open Library (openlibrary.org)

Exporting to Dublin Core...

SOUTHVILLE LIBRARY

Southville International School and Colleges Library

1281 Tropical Ave. Cor. Luxembourg St., BF Homes International, Las Pinas City

Tel. No. 8256374 / 252358 Loc. 117/146

Powered by Koha